000 00864nam a2200217Ia 4500
999 _c32578
_d32578
003 OSt
005 20210531210306.0
008 160316s2011 xxu||||| |||| 00| 0 eng d
020 _a9780415583992
040 _cn
082 _a341.481000
_bRAM
100 _aRamcharan Bertrand G
245 _aThe UN human rights council
260 _aLondon
_bRoutledge
_c2011
300 _a148p
_cxx
365 _b Rs. 1,676
505 _aTable of contents Introductio; 1. The Mandate and Roles; 2. Institutional and Procedural Architecture; 3. The Universal Periodic Review; 4. The Legislative Role; 5. Promotional and Educational Role; 6. Preventive Role; 7. Fact-finding Role; 8. Protection Role; 9. The Advisory Committee; 10. NGOs and the Council; Conclusions
650 _a1. Human Rights2. UN Human Rights Council
700 _a
_a
942 _2ddc
_cBK